Chris Farley Movies - Statistics

General Stats
  • This quiz has been taken 239 times
  • The average score is 5 of 10
Answer Stats
Year Movie Title % Correct
1995 Tommy Boy
95%
1996 Black Sheep
90%
1997 Beverly Hills Ninja
67%
1995 Billy Madison
53%
1993 Coneheads
47%
1992 Wayne's World
46%
1993 Wayne's World 2
37%
1998 Almost Heroes
35%
1994 Airheads
32%
1998 Dirty Work
24%
No matching quizzes found
Score Distribution
Percent of People with Each Score
Percentile by Number Answered
Your Score History
You have not taken this quiz